000 00772nam a2200241 i 4500
003 DO-SdBNP
005 20260626150010.0
007 ta
008 260626b2003 rd ||||gr|||| 00| 0 spa d
040 _aDO-SdBNP
_bspa
_cBNPHU
_erda
041 _aspa
082 _axxx
_bH557h
_222
100 _aHernández M. Edgar
_d1940
_4autor,
_eaut.
_990402
245 _aLa Historia del cristo sin rostro;
_ben San Juan de la Maguana/
_cEdgar Hernandez M.
264 _aRepública Dominicana;
_bClub rotario de San Juan de la Maguana, Inc.
_c2003
300 _a23 páginas;
_c17 cm.
336 _atexto
_btxt
_2rdacontent
337 _asin mediación
_bn
_2rdamedia
338 _avolumen
_bnc
_2rdacarrier
590 _aInventariado 2026/A.G
910 _aA. González
942 _2ddc
_cLF2
999 _c60959
_d60959